[Event "Sardegna Regional-ch"]
[Site "Cagliari"]
[Date "2015.06.02"]
[Round "6"]
[White "Serra, Emanuele"]
[Black "Putzolu, Marcello"]
[Result "0-1"]
[WhiteElo "1815"]
[BlackElo "1751"]
[PlyCount "146"]
[EventDate "2015.05.30"]
[EventType "swiss"]
[EventRounds "6"]
[EventCountry "ITA"]
[SourceTitle "EXT 2017"]
[Source "ChessBase"]
[SourceDate "2016.10.25"]
[SourceVersion "1"]
[SourceVersionDate "2016.10.25"]
[SourceQuality "1"]

1. c4 e5 2. Nc3 Nc6 3. g3 Bc5 4. Bg2 a6 5. d3 h6 6. e3 Nf6 7. Nge2 d6 8. h3 Bf5 9. 0-0 0-0 10. a3 Rb8 11. Kh2 Ne7 12. d4 Ba7 13. e4 Be6 14. d5 Bd7 15. Be3 Bxe3 16. fxe3 Nh7 17. g4 Ng6 18. Ng3 Nh4 19. Qe2 Qg5 20. Rf5 Bxf5 21. exf5 Nxg2 22. Kxg2 Qd8 23. a4 c6 24. Rd1 Qh4 25. Nge4 Rfd8 26. Rd2 Ng5 27. Nxg5 Qxg5 28. Ne4 Qe7 29. Qf3 f6 30. Qd1 c5 31. Qb3 Qc7 32. Nc3 Qa5 33. Qc2 Qb4 34. Na2 Qa5 35. Nc3 b5 36. axb5 axb5 37. cxb5 Rxb5 38. Nxb5 Qxb5 39. b3 Ra8 40. Qd3 Qb4 41. Rd1 Rb8 42. Ra1 Rb6 43. Ra8+ Kh7 44. Kf2 h5 45. gxh5 Qh4+ 46. Kg2 Qxh5 47. Ra4 Rb4 48. Rxb4 cxb4 49. Qe4 Qe2+ 50. Kg3 Qe1+ 51. Kg2 Qe2+ 52. Kg3 Qe1+ 53. Kh2 Qf2+ 54. Kh1 Qg3 55. h4 Qe1+ 56. Kg2 Qe2+ 57. Kg3 Qe1+ 58. Kh3 Qc3 59. Qf3 Kg8 60. Qh5 Qxe3+ 61. Kh2 Qh6 62. Qxh6 gxh6 63. Kg3 h5 64. Kf3 Kf7 65. Ke3 Ke7 66. Kd3 Kd7 67. Kc4 Kc7 68. Kxb4 Kb7 69. Kb5 Kc7 70. b4 e4 71. Kc4 Kb6 72. Kd4 Kb5 73. Kxe4 Kxb4 0-1

[Event "Sardegna Regional-ch"]
[Site "Cagliari"]
[Date "2015.06.01"]
[Round "4"]
[White "Sonis, Luca"]
[Black "Putzolu, Marcello"]
[Result "1/2-1/2"]
[WhiteElo "1746"]
[BlackElo "1751"]
[PlyCount "98"]
[EventDate "2015.05.30"]
[EventType "swiss"]
[EventRounds "6"]
[EventCountry "ITA"]
[SourceTitle "EXT 2017"]
[Source "ChessBase"]
[SourceDate "2016.10.25"]
[SourceVersion "1"]
[SourceVersionDate "2016.10.25"]
[SourceQuality "1"]

1. e4 e5 2. Nf3 Nc6 3. Nc3 Nf6 4. d3 h6 5. Be2 Bc5 6. 0-0 d6 7. Be3 Bb6 8. h3 0-0 9. d4 exd4 10. Nxd4 Nxd4 11. Bxd4 Bxd4 12. Qxd4 Re8 13. Bf3 Bd7 14. Rad1 Qc8 15. Rfe1 Bc6 16. b4 a6 17. Nd5 Bxd5 18. exd5 Qd7 19. c4 Qa4 20. Qb2 a5 21. a3 Qd7 22. Rxe8+ Qxe8 23. bxa5 Rxa5 24. Qxb7 Rc5 25. Qb4 Nd7 26. Re1 Qd8 27. Be2 Ne5 28. Bf1 Qg5 29. Re3 f6 30. a4 Qf5 31. a5 Qc8 32. Kh1 Qa8 33. Ra3 Nd7 34. a6 Nb6 35. Ra5 Rxa5 36. Qxa5 Qa7 37. Qb5 Kf8 38. Qc6 Qxa6 39. Qxc7 Nxd5 40. Qd8+ Kf7 41. Kg1 Qb6 42. Qd7+ Ne7 43. Be2 Qa5 44. Qxd6 Qe5 45. Qxe5 fxe5 46. Kh2 Ke6 47. Bg4+ Kd6 48. Kg3 Kc5 49. Be6 Ng6 1/2-1/2

[Event "Sardegna Regional-ch"]
[Site "Cagliari"]
[Date "2015.05.30"]
[Round "1"]
[White "Putzolu, Marcello"]
[Black "Pannella, Maria Cristina"]
[Result "1/2-1/2"]
[WhiteElo "1751"]
[BlackElo "1431"]
[PlyCount "41"]
[EventDate "2015.05.30"]
[EventType "swiss"]
[EventRounds "6"]
[EventCountry "ITA"]
[SourceTitle "EXT 2017"]
[Source "ChessBase"]
[SourceDate "2016.10.25"]
[SourceVersion "1"]
[SourceVersionDate "2016.10.25"]
[SourceQuality "1"]

1. e4 e5 2. Nf3 Nc6 3. Bb5 Bc5 4. d3 d6 5. h3 Be6 6. c3 Nf6 7. d4 exd4 8. cxd4 Bb4+ 9. Bd2 Bxd2+ 10. Nbxd2 a6 11. Ba4 b5 12. Bb3 d5 13. e5 Ne4 14. Rc1 Qd7 15. Qe2 Nxd2 16. Qxd2 Bf5 17. Qc3 Ne7 18. Qxc7 Rc8 19. Qxd7+ Kxd7 20. 0-0 Be4 21. Ng5 1/2-1/2

[Event "Cagliari Alfa Lum op 3rd"]
[Site "Cagliari"]
[Date "2012.08.31"]
[Round "1"]
[White "Carucci, Bruno"]
[Black "Putzolu, Marcello"]
[Result "1/2-1/2"]
[WhiteElo "1509"]
[BlackElo "1788"]
[PlyCount "37"]
[EventDate "2012.08.31"]
[EventType "swiss"]
[EventRounds "6"]
[EventCountry "ITA"]
[SourceTitle "EXT 2014"]
[Source "ChessBase"]
[SourceDate "2013.11.20"]
[SourceVersion "1"]
[SourceVersionDate "2013.11.20"]
[SourceQuality "1"]

1. d4 Nf6 2. Bf4 d5 3. h3 h6 4. e3 Bf5 5. c3 e6 6. Qb3 Nbd7 7. Nd2 b6 8. Bb5 Be7 9. Ndf3 0-0 10. Ne5 Nxe5 11. dxe5 Ne4 12. Ne2 c5 13. c4 dxc4 14. Bxc4 Nd2 15. Rd1 Nxb3 16. Rxd8 Rfxd8 17. Bxb3 a5 18. Nc3 Rac8 19. e4 1/2-1/2

[Event "Sardegna Region-ch"]
[Site "Sardara"]
[Date "2011.05.21"]
[Round "1"]
[White "Pitzanti, Matteo"]
[Black "Putzolu, Marcello"]
[Result "0-1"]
[WhiteElo "1500"]
[BlackElo "1824"]
[PlyCount "104"]
[EventDate "2011.05.23"]
[EventType "swiss"]
[EventRounds "8"]
[EventCountry "ITA"]
[SourceTitle "EXT 2023"]
[Source "ChessBase"]
[SourceDate "2022.10.05"]
[SourceVersion "1"]
[SourceVersionDate "2022.10.05"]
[SourceQuality "1"]

1. e4 c5 2. Nf3 d6 3. b4 Nf6 4. bxc5 Nxe4 5. cxd6 Qxd6 6. Ba3 Qf6 7. d4 Nc6 8. c3 e6 9. Bc1 h6 10. Bd3 Ng5 11. Nbd2 Bd6 12. Nxg5 Qxg5 13. Ne4 Qe7 14. Qf3 Bd7 15. Rb1 Rb8 16. Nxd6+ Qxd6 17. Bf4 e5 18. dxe5 Nxe5 19. Bxe5 Qxe5+ 20. Qe4 Qxe4+ 21. Bxe4 b6 22. 0-0 0-0 23. Rfd1 Be6 24. a4 Rbc8 25. Rbc1 Rc4 26. Rd4 Rfc8 27. Rc2 g6 28. h3 Rxc3 29. Rxc3 Rxc3 30. Rd8+ Kg7 31. Ra8 Rc4 32. Bb7 Rxa4 33. f3 Ra2 34. Be4 b5 35. Rb8 Bc4 36. Bc6 a6 37. Ra8 b4 38. Be4 b3 39. Rb8 a5 40. Rc8 Be6 41. Rb8 a4 42. Rd8 b2 43. Rd1 Ra1 44. Rb1 Rxb1+ 45. Bxb1 a3 46. Kf2 a2 47. Bxa2 Bxa2 48. Kg3 b1Q 49. Kh2 Qe1 50. f4 Qf2 51. f5 Bd5 52. f6+ Kxf6 0-1

[Event "Cagliari Coppa 31st"]
[Site "Cagliari"]
[Date "2006.04.02"]
[Round "6"]
[White "Putzolu, Marcello"]
[Black "Collu, Giuseppe"]
[Result "0-1"]
[WhiteElo "1778"]
[BlackElo "1832"]
[PlyCount "84"]
[EventDate "2006.03.25"]
[EventType "swiss"]
[EventRounds "7"]
[EventCountry "ITA"]
[SourceTitle "EXT 2024"]
[Source "ChessBase"]
[SourceDate "2023.10.10"]
[SourceVersion "1"]
[SourceVersionDate "2023.10.10"]
[SourceQuality "1"]

1. d4 Nf6 2. c4 g6 3. g3 Bg7 4. Bg2 0-0 5. e3 d5 6. cxd5 Nxd5 7. Ne2 c6 8. 0-0 Bg4 9. h3 Bd7 10. Nbc3 Nxc3 11. bxc3 Qc8 12. Qb3 Na6 13. Rb1 Rb8 14. e4 Bxh3 15. Bf4 Bxg2 16. Kxg2 Nc7 17. a4 Re8 18. c4 e5 19. dxe5 Bxe5 20. Bh6 Ne6 21. Qe3 c5 22. f4 Bg7 23. f5 gxf5 24. exf5 Nf4+ 25. Qxf4 Qc6+ 26. Qf3 Rxe2+ 27. Rf2 Rxf2+ 28. Kxf2 Qxf3+ 29. Kxf3 Bxh6 30. Rd1 f6 31. Rd7 a5 32. Ke4 Re8+ 33. Kd5 Re5+ 34. Kd6 Bf8+ 35. Kc7 Re4 36. Kxb7 Rxc4 37. Kc6 Rxa4 38. Kb5 Ra3 39. g4 Rg3 40. Kxa5 Rxg4 41. Kb5 Rf4 42. Rd5 h5 0-1

[Event "Cagliari Coppa 31st"]
[Site "Cagliari"]
[Date "2006.03.26"]
[Round "3"]
[White "Putzolu, Marcello"]
[Black "Marras, Giuseppe"]
[Result "1/2-1/2"]
[WhiteElo "1778"]
[BlackElo "1870"]
[PlyCount "100"]
[EventDate "2006.03.25"]
[EventType "swiss"]
[EventRounds "7"]
[EventCountry "ITA"]
[SourceTitle "EXT 2024"]
[Source "ChessBase"]
[SourceDate "2023.10.10"]
[SourceVersion "1"]
[SourceVersionDate "2023.10.10"]
[SourceQuality "1"]

1. e4 e6 2. d4 d5 3. e5 c5 4. c3 Nc6 5. Nf3 Qb6 6. Be2 cxd4 7. cxd4 Bb4+ 8. Nc3 Nge7 9. a3 Bxc3+ 10. bxc3 Bd7 11. 0-0 0-0 12. Bd2 Na5 13. Rb1 Qc7 14. Bd3 Ng6 15. h4 f5 16. exf6 Rxf6 17. Bg5 Rff8 18. Bxg6 hxg6 19. Qd3 Be8 20. Rfe1 Qf7 21. Re2 Qf5 22. Qxf5 exf5 23. Ne5 Bf7 24. Rb5 b6 25. Nxf7 Rxf7 26. Rxd5 Rc7 27. Re7 Rxe7 28. Bxe7 Kf7 29. Bb4 Nc4 30. Rd7+ Kf6 31. Rc7 b5 32. a4 a5 33. Be7+ Ke6 34. axb5 Nd6 35. Bxd6 Kxd6 36. b6 Rb8 37. Ra7 Rxb6 38. Rxa5 Rc6 39. Rc5 Rxc5 40. dxc5+ Kxc5 41. Kh2 Kc4 42. Kg3 Kxc3 43. Kf4 Kd3 44. g4 Ke2 45. f3 Kf2 46. gxf5 gxf5 47. h5 Kg2 48. Kxf5 Kxf3 49. Kg6 Kg4 50. Kxg7 Kxh5 1/2-1/2

[Event "Cagliari op 3rd"]
[Site "Cagliari"]
[Date "2003.03.23"]
[Round "6"]
[White "Santilli, Enrico"]
[Black "Putzolu, Marcello"]
[Result "1-0"]
[WhiteElo "1723"]
[BlackElo "1717"]
[PlyCount "69"]
[EventDate "2003.03.08"]
[EventType "swiss"]
[EventRounds "7"]
[EventCountry "ITA"]
[SourceTitle "EXT 2024"]
[Source "ChessBase"]
[SourceDate "2023.10.10"]
[SourceVersion "1"]
[SourceVersionDate "2023.10.10"]
[SourceQuality "1"]

1. e4 c5 2. f4 Qc7 3. g3 e5 4. d3 Nf6 5. Nc3 a6 6. fxe5 Qxe5 7. Bf4 Qe6 8. Bh3 Qb6 9. e5 Qxb2 10. Na4 Qa3 11. c3 b5 12. exf6 bxa4 13. Ne2 c4 14. Be5 gxf6 15. Bxf6 Rg8 16. Nf4 Bg7 17. Nd5 Bxf6 18. Nxf6+ Kf8 19. Nxh7+ Kg7 20. 0-0 Qc5+ 21. d4 Qe7 22. Qg4+ Kxh7 23. Qh5+ Kg7 24. Rae1 Qf8 25. Bf5 Qd6 26. Qh7+ Kf8 27. Be6 Ke7 28. Bd5+ Kd8 29. Qxg8+ Kc7 30. Bxa8 Nc6 31. Bxc6 Qxc6 32. Re5 d6 33. Qxf7+ Kb8 34. Rb1+ Bb7 35. Qe8+ 1-0

[Event "Cagliari op 3rd"]
[Site "Cagliari"]
[Date "2003.03.22"]
[Round "5"]
[White "Putzolu, Marcello"]
[Black "Saba, Carlo"]
[Result "1/2-1/2"]
[WhiteElo "1717"]
[BlackElo "1734"]
[PlyCount "82"]
[EventDate "2003.03.08"]
[EventType "swiss"]
[EventRounds "7"]
[EventCountry "ITA"]
[SourceTitle "EXT 2024"]
[Source "ChessBase"]
[SourceDate "2023.10.10"]
[SourceVersion "1"]
[SourceVersionDate "2023.10.10"]
[SourceQuality "1"]

1. d4 Nf6 2. c4 g6 3. g3 Bg7 4. Bg2 0-0 5. Nf3 c6 6. 0-0 d5 7. cxd5 cxd5 8. Bg5 Ne4 9. Nc3 Nxg5 10. Nxg5 e5 11. Nxd5 exd4 12. e4 dxe3 13. fxe3 Nc6 14. Ne4 Bxb2 15. Nef6+ Kg7 16. Rb1 Be5 17. Qa4 Rb8 18. Ng4 Bf5 19. Rbd1 Bxg4 20. Qxg4 Qa5 21. a4 f5 22. Qg5 Rf7 23. Nf4 Bxf4 24. Rxf4 Qc5 25. Rh4 Re8 26. Qh6+ Kh8 27. Qxg6 Qxe3+ 28. Kh1 Ref8 29. Qh6 Qxh6 30. Rxh6 Kg7 31. Rhd6 Ne5 32. Re6 Ng4 33. Rd2 Rc7 34. Bf3 Rf6 35. Re1 Ra6 36. Bxg4 fxg4 37. Rd4 Rg6 38. Red1 h5 39. Rd7+ Rxd7 40. Rxd7+ Kh6 41. Rxb7 Ra6 1/2-1/2

[Event "Cagliari op 3rd"]
[Site "Cagliari"]
[Date "2003.03.09"]
[Round "3"]
[White "Atzeni, Franco"]
[Black "Putzolu, Marcello"]
[Result "0-1"]
[WhiteElo "1909"]
[BlackElo "1717"]
[PlyCount "132"]
[EventDate "2003.03.08"]
[EventType "swiss"]
[EventRounds "7"]
[EventCountry "ITA"]
[SourceTitle "EXT 2024"]
[Source "ChessBase"]
[SourceDate "2023.10.10"]
[SourceVersion "1"]
[SourceVersionDate "2023.10.10"]
[SourceQuality "1"]

1. e4 c5 2. Nc3 d6 3. Bc4 e6 4. d3 Nc6 5. Nge2 Ne5 6. 0-0 Nxc4 7. dxc4 Nf6 8. Ng3 Be7 9. Bf4 a6 10. Qd3 0-0 11. Rad1 Qb6 12. b3 Rd8 13. Rd2 Qb4 14. Rfd1 Bd7 15. f3 b5 16. cxb5 axb5 17. Qe3 Ne8 18. Nge2 Bc6 19. Qf2 Bb7 20. a4 bxa4 21. Nxa4 Ba6 22. Nc1 Bf6 23. c3 Qb7 24. Bxd6 Nxd6 25. Rxd6 Rxd6 26. Rxd6 Qc7 27. Qxc5 Qxc5+ 28. Nxc5 Bb5 29. Rb6 Be8 30. Ne2 Bd8 31. Rd6 Be7 32. e5 Bxd6 33. exd6 Rd8 34. d7 Bxd7 35. Nxd7 Rxd7 36. Kf2 Kf8 37. Ke3 Ke7 38. f4 Kd8 39. Nd4 Kc7 40. b4 Kb6 41. c4 Ra7 42. c5+ Kb7 43. Kd3 Ra2 44. Nc2 Kc6 45. Kc3 Kd5 46. Kb3 Ra8 47. g3 f6 48. Ne3+ Kc6 49. Kc4 Rb8 50. Nc2 e5 51. fxe5 fxe5 52. Na3 e4 53. b5+ Kc7 54. b6+ Kc6 55. Nc2 Re8 56. Nd4+ Kb7 57. Ne2 e3 58. Kd5 g6 59. Kd4 Kc6 60. Kd3 Kxc5 61. b7 Kd5 62. Nc3+ Ke5 63. Kxe3 Rb8 64. Ne2 Rxb7 65. Kf3 Rb3+ 66. Kg4 Rb2 0-1

[Event "Cagliari Bitti Memorial-B 1st"]
[Site "Cagliari"]
[Date "2001.03.31"]
[Round "4"]
[White "Abis, Josto"]
[Black "Putzolu, Marcello"]
[Result "1/2-1/2"]
[WhiteElo "1512"]
[BlackElo "1615"]
[PlyCount "170"]
[EventDate "2001.03.17"]
[EventType "swiss"]
[EventRounds "7"]
[EventCountry "ITA"]
[SourceTitle "EXT 2023"]
[Source "ChessBase"]
[SourceDate "2022.10.05"]
[SourceVersion "1"]
[SourceVersionDate "2022.10.05"]
[SourceQuality "1"]

1. e4 c5 2. Nf3 d6 3. Nc3 Nf6 4. Bc4 g6 5. Ng5 e6 6. d3 Bg7 7. a3 Nc6 8. Ba2 0-0 9. 0-0 d5 10. exd5 exd5 11. Bd2 Nd4 12. h3 Bf5 13. Nf3 Rc8 14. Nxd4 cxd4 15. Ne2 Ne8 16. Bb4 Qg5 17. Ng3 Be6 18. Bxf8 Bxf8 19. Rc1 Bd6 20. Qf3 Bf4 21. Rb1 Rxc2 22. Rfe1 Ng7 23. Bb3 Rc6 24. Ne2 Bd2 25. Rf1 Nf5 26. Qg4 Qf6 27. Qf3 Qg5 28. Qg4 Qd8 29. Nxd4 Nxd4 30. Qxd4 Qg5 31. g4 h5 32. f4 Qh4 33. Qf2 Qxf2+ 34. Kxf2 hxg4 35. hxg4 Bxf4 36. Kf3 Be5 37. Ba2 Rc2 38. Rf2 Bxg4+ 39. Kxg4 Rxf2 40. Bxd5 Rxb2 41. Rf1 Bd6 42. Rxf7 Bxa3 43. Rxb7+ Kf8 44. Rxa7 Be7 45. Be4 Rb6 46. Ra4 Kg7 47. d4 Kf6 48. d5 Ke5 49. Bf3 Rb1 50. Re4+ Kf6 51. Re6+ Kf7 52. Be4 Rg1+ 53. Kf3 Bf6 54. Ra6 Rf1+ 55. Kg2 Rd1 56. Kf3 g5 57. Ra7+ Kf8 58. Kg4 Rf1 59. Bf3 Be7 60. Ra8+ Kf7 61. Ra7 Kf6 62. Ra6+ Kf7 63. Ra7 Kf6 64. Ra6+ Kg7 65. Ra7 Kf8 66. Ra8+ Kf7 67. Ra7 Ke8 68. Kg3 Rg1+ 69. Bg2 Bd6+ 70. Kf3 g4+ 71. Kxg4 Rxg2+ 72. Kf5 Re2 73. Ra5 Re5+ 74. Kg6 Kd7 75. Rb5 Be7 76. Ra5 Kd6 77. Rb5 Bh4 78. Ra5 Bf2 79. Kf6 Bh4+ 80. Kg6 Bd8 81. Rb5 Re2 82. Kf5 Re1 83. Kf4 Bh4 84. Kf3 Re8 85. Kf4 Bf2 1/2-1/2

[Event "Cagliari Province-ch"]
[Site "Sinnai"]
[Date "2001.01.28"]
[Round "6"]
[White "Abis, Mariano"]
[Black "Putzolu, Marcello"]
[Result "0-1"]
[WhiteElo "1500"]
[BlackElo "1615"]
[PlyCount "74"]
[EventDate "2001.01.20"]
[EventType "swiss"]
[EventRounds "7"]
[EventCountry "ITA"]
[SourceTitle "EXT 2023"]
[Source "ChessBase"]
[SourceDate "2022.10.05"]
[SourceVersion "1"]
[SourceVersionDate "2022.10.05"]
[SourceQuality "1"]

1. d4 Nf6 2. e3 d5 3. Nf3 Bg4 4. c4 e6 5. Nc3 c6 6. Bd3 Bb4 7. a3 Bxc3+ 8. bxc3 Qa5 9. Bd2 Ne4 10. 0-0 Nxd2 11. Qxd2 Bxf3 12. gxf3 dxc4 13. Bxc4 h5 14. Kh1 Qf5 15. Be2 Rh6 16. Rg1 Rg6 17. c4 Rxg1+ 18. Rxg1 Qf6 19. d5 cxd5 20. cxd5 exd5 21. Qxd5 Nc6 22. Qc5 Qe5 23. Rc1 Qxc5 24. Rxc5 Rd8 25. Bb5 Rd6 26. e4 a6 27. Bc4 f6 28. Bd5 Ke7 29. Kg2 Kd7 30. Bf7 Ne7 31. Kg3 Rc6 32. Rxc6 bxc6 33. Kf4 c5 34. e5 fxe5+ 35. Kxe5 Kc6 36. a4 g6 37. Ke6 Nf5 0-1

[Event "Cagliari Province-ch"]
[Site "Sinnai"]
[Date "2001.01.26"]
[Round "4"]
[White "Cerioni, Armando"]
[Black "Putzolu, Marcello"]
[Result "1-0"]
[WhiteElo "1413"]
[BlackElo "1615"]
[PlyCount "89"]
[EventDate "2001.01.20"]
[EventType "swiss"]
[EventRounds "7"]
[EventCountry "ITA"]
[SourceTitle "EXT 2023"]
[Source "ChessBase"]
[SourceDate "2022.10.05"]
[SourceVersion "1"]
[SourceVersionDate "2022.10.05"]
[SourceQuality "1"]

1. e4 c5 2. Nf3 d6 3. d4 cxd4 4. Nxd4 Nf6 5. Nc3 g6 6. Be3 Bg7 7. f3 Nc6 8. Qd2 Nxd4 9. Bxd4 Qa5 10. Bb5+ Bd7 11. Bxd7+ Kxd7 12. e5 Nd5 13. e6+ fxe6 14. Bxg7 Rhg8 15. Nxd5 Qxd2+ 16. Kxd2 Rxg7 17. Nf4 g5 18. Ne2 g4 19. fxg4 Rxg4 20. g3 h5 21. Rae1 h4 22. Rhg1 Rf8 23. h3 Ra4 24. Nc3 Rd4+ 25. Ke3 Rb4 26. b3 hxg3 27. Rxg3 Rc8 28. Kd3 d5 29. Rg4 Rb6 30. Ne2 Rf8 31. Rf4 Rg8 32. Rg4 Rf8 33. h4 Rf3+ 34. Kd2 Rf2 35. Rh1 Rc6 36. h5 Rc8 37. h6 Rh8 38. Rg7 Ke8 39. h7 Kf8 40. Rhg1 Rxh7 41. Rxh7 e5 42. Ke1 Rf6 43. Rf1 Ke8 44. Rxf6 exf6 45. Rxb7 1-0